00442nam a2200181Ia 4500003000400000005001700004008004100021020001400062040000700076041000800083082001900091100003400110245004300144250000600187260003700193300001600230365001400246OSt20230418111629.0210423s1990 xx 000 0 und d a716719738 cAL aeng a616.8 KOLB223 aKOLB (Bryan);WHISHAW (Ian Q). aFundamentals of human neuropsychology. a3 aNew YorkbW H Freeman & Coc1990 axii,910bPB b1295cINR